[Event "Online Olym Top DivA 2020"]
[Site "chess.com INT"]
[Date "2020.08.22"]
[Round "4.4"]
[Board "4"]
[White "Lei, Tingjie"]
[Black "Batchimeg, Tuvshintugs"]
[Result "1/2-1/2"]
[WhiteTitle "GM"]
[BlackTitle "IM"]
[WhiteElo "2505"]
[BlackElo "2356"]
[WhiteTeam "China"]
[BlackTeam "Mongolia"]
[WhiteFideId "8605114"]
[BlackFideId "4900839"]
[EventDate "2020.08.21"]
[EventType "team"]

1. d4 Nf6 2. c4 g6 3. f3 Bg7 4. e4 d6 5. Nc3 O-O 6. Be3 e5 7. d5 Nh5 8. Qd2 a5
9. Nge2 a4 10. g4 Nf4 11. h4 Nd7 12. Rd1 Qe7 13. h5 Nc5 14. Ng3 Bd7 15. Qh2 Bf6
16. Kd2 Bg5 17. Kc2 h6 18. Kb1 Kg7 19. Qf2 b6 20. Be2 Qf6 21. Rdg1 Rab8 22. Qe1
Ncd3 23. Bxd3 Nxd3 24. Bxg5 Qxg5 25. Qe2 Nf4 26. Qd2 Nh3 27. Qxg5 Nxg5 28. Rf1
b5 29. cxb5 Bxb5 30. Rf2 Bd3+ 31. Ka1 Rb4 32. Rd1 Ba6 33. Rc1 Rfb8 34. Nb1 R8b7
35. Rfc2 Nxf3 36. Rxc7 Rxb2 37. Rxb7 Rxb7 38. Rc6 Bd3 39. Na3 Nd4 40. Rxd6 Nb5
41. Nxb5 Rxb5 42. a3 Rb3 43. hxg6 fxg6 44. Rd7+ Kf6 45. Rd6+ Kg5 46. Re6 Kf4 47.
d6 Bc4 48. Re8 Rxa3+ 49. Kb2 Rd3 50. Ne2+ Ke3 51. Nc1 Rxd6 52. Rxe5 Kf4 53. Ra5
Be6 54. Rxa4 Rb6+ 55. Kc3 Kxg4 56. Nd3 h5 57. e5+ Kf5 58. Rf4+ Kg5 59. Rf6 Rc6+
60. Kd4 Rc4+ 61. Ke3 Bf5 62. Nf2 Rc3+ 63. Ke2 Rc5 64. Rf8 Rxe5+ 65. Kf3 Rc5 66.
Rh8 Rc3+ 67. Kg2 h4 68. Rh7 Rc2 69. Rh8 Be4+ 70. Kg1 Bf3 71. Rh7 Kf4 72. Rxh4+
Kg3 73. Rh3+ Kf4 74. Rh4+ Kf5 75. Rh8 Bc6 76. Rf8+ Kg5 77. Kh2 Be4 78. Kg3 Rc3+
79. Kh2 Bf5 80. Kg2 Kf4 81. Rb8 Rc4 82. Rf8 Rc3 83. Rb8 Rg3+ 84. Kf1 Rc3 85. Kg2 1/2-1/2

[Event "Online Olym Top DivA 2020"]
[Site "chess.com INT"]
[Date "2020.08.22"]
[Round "4.4"]
[Board "5"]
[White "Batsuren, Dambasuren"]
[Black "Liu, Yan"]
[Result "1-0"]
[WhiteTitle "IM"]
[BlackTitle "GM"]
[WhiteElo "2481"]
[BlackElo "2524"]
[WhiteTeam "Mongolia"]
[BlackTeam "China"]
[WhiteFideId "4902920"]
[BlackFideId "8608962"]
[EventDate "2020.08.21"]
[EventType "team"]

1. d4 Nf6 2. c4 e6 3. Nf3 Bb4+ 4. Bd2 a5 5. a3 Bxd2+ 6. Qxd2 d6 7. Nc3 Nbd7 8.
e3 O-O 9. Bd3 Re8 10. O-O e5 11. Bc2 h6 12. e4 c6 13. Rfd1 Qe7 14. b4 Nf8 15. h3
Ng6 16. b5 Be6 17. bxc6 bxc6 18. d5 cxd5 19. exd5 Bd7 20. Bxg6 fxg6 21. c5 dxc5
22. d6 Qf7 23. Qe3 e4 24. Nd2 Rac8 25. Ndxe4 Nxe4 26. Nxe4 c4 27. Qd4 Qf5 28. f3
Red8 29. Rac1 Be6 30. Rb1 Kh7 31. a4 Bd7 32. Rb7 Qf8 33. Nc5 Qe8 34. Kf2 Rb8 35.
Re1 Qg8 36. Rxb8 Rxb8 37. Nxd7 1-0

[Event "Online Olym Top DivA 2020"]
[Site "chess.com INT"]
[Date "2020.08.22"]
[Round "4.4"]
[Board "6"]
[White "Zhu, Jiner"]
[Black "Bayasgalan, Khishigbaatar"]
[Result "1-0"]
[WhiteTitle "WGM"]
[BlackTitle "WCM"]
[WhiteElo "2459"]
[BlackElo "1640"]
[WhiteTeam "China"]
[BlackTeam "Mongolia"]
[WhiteFideId "8608059"]
[BlackFideId "4904311"]
[EventDate "2020.08.21"]
[EventType "team"]

1. e4 c5 2. Nf3 e6 3. d4 cxd4 4. Nxd4 a6 5. Bd3 Ne7 6. O-O Nbc6 7. Nxc6 Nxc6 8.
Nc3 Be7 9. Be3 b5 10. a3 Bb7 11. f4 O-O 12. Kh1 Rc8 13. e5 g6 14. Ne4 d5 15.
exd6 Bxd6 16. Bxb5 Be7 17. Bd3 f5 18. Nc3 e5 19. Bc4+ Kg7 20. Be6 Ra8 21. Qe1
Qd6 22. Ba2 Bf6 23. Rd1 Qb8 24. Rd7+ Kh8 25. Nd5 Bc8 26. Nxf6 Rxf6 27. Qh4 1-0

[Event "Online Olym Top DivA 2020"]
[Site "chess.com INT"]
[Date "2020.08.22"]
[Round "4.5"]
[Board "1"]
[White "Jobava, Baadur"]
[Black "Svane, Rasmus"]
[Result "0-1"]
[WhiteTitle "GM"]
[BlackTitle "GM"]
[WhiteElo "2603"]
[BlackElo "2613"]
[WhiteTeam "Georgia"]
[BlackTeam "Germany"]
[WhiteFideId "13601520"]
[BlackFideId "4657101"]
[EventDate "2020.08.21"]
[EventType "team"]

1. d4 Nf6 2. c4 e6 3. Nc3 Bb4 4. e3 O-O 5. Ne2 Re8 6. a3 Bf8 7. e4 d5 8. e5 Nfd7
9. b4 a5 10. b5 c5 11. bxc6 bxc6 12. cxd5 cxd5 13. Ng3 Nc6 14. Bb5 Qb6 15. Nge2
Ba6 16. Rb1 Bxb5 17. Rxb5 Qa6 18. O-O Rab8 19. a4 Bb4 20. Qd3 Nb6 21. Qg3 Nxa4
22. Rxb4 Nxc3 23. Nxc3 axb4 24. Bh6 g6 25. Qf4 bxc3 26. Qf6 Qxf1+ 27. Kxf1 Rb1+
28. Ke2 Nxd4+ 29. Kd3 Rd1+ 30. Ke3 Nf5+ 31. Ke2 c2 32. Bd2 Rc8 0-1

[Event "Online Olym Top DivA 2020"]
[Site "chess.com INT"]
[Date "2020.08.22"]
[Round "4.5"]
[Board "2"]
[White "Wagner, Dennis"]
[Black "Quparadze, Giga"]
[Result "0-1"]
[WhiteTitle "GM"]
[BlackTitle "GM"]
[WhiteElo "2581"]
[BlackElo "2463"]
[WhiteTeam "Germany"]
[BlackTeam "Georgia"]
[WhiteFideId "24650684"]
[BlackFideId "13602250"]
[EventDate "2020.08.21"]
[EventType "team"]

1. d4 Nf6 2. c4 e6 3. Nc3 Bb4 4. Qc2 d6 5. Nf3 c5 6. dxc5 Bxc5 7. Bg5 h6 8. Bh4
g5 9. Bg3 Nh5 10. e3 Nc6 11. O-O-O Qe7 12. Ne4 e5 13. Be2 Bd7 14. Nxe5 Nxg3 15.
Nxd7 Nxe4 16. Bg4 Nxf2 17. Bf5 Nxd1 18. Rxd1 Ne5 19. Nxe5 Qxe5 20. e4 Kf8 21. g3
Kg7 22. Kb1 Rae8 23. a3 Qf6 24. Ka2 Re5 25. h4 Rxf5 26. exf5 Re8 27. Rf1 Re3 28.
hxg5 Qxg5 29. f6+ Kg8 30. Qg2 Qg4 31. Rf4 Qe2 32. Qxe2 Rxe2 33. Rg4+ Kf8 34. Rh4
Ke8 35. Kb3 Kd7 36. Rxh6 Bd4 37. Kb4 Rxb2+ 0-1

[Event "Online Olym Top DivA 2020"]
[Site "chess.com INT"]
[Date "2020.08.22"]
[Round "5.1"]
[Board "1"]
[White "Svane, Rasmus"]
[Black "Le, Quang Liem"]
[Result "1/2-1/2"]
[WhiteTitle "GM"]
[BlackTitle "GM"]
[WhiteElo "2613"]
[BlackElo "2709"]
[WhiteTeam "Germany"]
[BlackTeam "Vietnam"]
[WhiteFideId "4657101"]
[BlackFideId "12401137"]
[EventDate "2020.08.21"]
[EventType "team"]

1. Nf3 d5 2. g3 c5 3. Bg2 Nc6 4. d4 Nf6 5. O-O e6 6. c4 dxc4 7. dxc5 Qxd1 8.
Rxd1 Bxc5 9. Nbd2 c3 10. bxc3 O-O 11. Nb3 Be7 12. Nfd4 Nxd4 13. cxd4 Nd5 14. Bd2
f5 15. Rac1 b6 16. Rc6 Rd8 17. Rdc1 Ba3 18. R1c2 Bd7 19. Bxd5 exd5 20. Rc7 Bb5
21. Bf4 Bc4 22. Nd2 b5 23. Be5 Bf8 24. Nf1 Rdc8 25. Rb7 Re8 26. Ne3 Re7 27. Rxe7
Bxe7 28. Nxf5 Bf8 29. Bd6 Re8 30. Kf1 Re6 31. Bxf8 Kxf8 32. Ne3 Ra6 33. Nxc4
dxc4 34. Rb2 Ra5 35. Kg2 c3 36. Rc2 b4 37. Kf3 Rxa2 38. Rxa2 b3 39. Rxa7 h6 40.
Rc7 b2 41. Rxc3 b1=Q 42. h4 Qh1+ 43. Ke3 Ke7 44. Rc5 g6 45. Re5+ Kf6 46. Rc5 Qg2
47. Ra5 Qb7 48. Rc5 Qb3+ 49. Kd2 Qb4+ 50. Ke3 Ke6 51. Rc6+ Kd5 52. Rc5+ Kd6 53.
Kd3 Qa3+ 54. Ke4 Qa8+ 55. Ke3 Qa3+ 56. Ke4 Qa8+ 57. Ke3 Qa4 58. Ke4 Qb3 59. Re5
Qc2+ 60. Kf3 Qc6+ 61. Kf4 Qg2 62. Ke3 Qb7 63. Kf4 Qb3 64. Rc5 Qb2 65. Ke3 Qa3+
66. Ke4 1/2-1/2

[Event "Online Olym Top DivA 2020"]
[Site "chess.com INT"]
[Date "2020.08.22"]
[Round "5.1"]
[Board "2"]
[White "Nguyen, Ngoc Truong Son"]
[Black "Wagner, Dennis"]
[Result "1-0"]
[WhiteTitle "GM"]
[BlackTitle "GM"]
[WhiteElo "2641"]
[BlackElo "2581"]
[WhiteTeam "Vietnam"]
[BlackTeam "Germany"]
[WhiteFideId "12401110"]
[BlackFideId "24650684"]
[EventDate "2020.08.21"]
[EventType "team"]

1. e4 e5 2. Nf3 Nc6 3. Bc4 Bc5 4. c3 Nf6 5. d3 d6 6. Nbd2 a6 7. Bb3 O-O 8. O-O
Ba7 9. h3 h6 10. Re1 Re8 11. Nf1 Be6 12. Bxe6 Rxe6 13. Be3 Bxe3 14. Nxe3 d5 15.
Qc2 Qd7 16. Rad1 Rd8 17. exd5 Nxd5 18. Qb3 Nf4 19. Ng4 Rg6 20. Re4 h5 21. Rxf4
hxg4 22. Rxg4 Rxg4 23. hxg4 e4 24. Nh2 exd3 25. Qxb7 a5 26. Qb5 Qd6 27. Nf3 Qg6
28. Qf5 Qd6 29. Ng5 Ne5 30. f4 Qb6+ 31. Kh2 Qh6+ 32. Kg3 Ng6 33. Qxf7+ Kh8 34.
Qe6 Qh4+ 35. Kf3 Nxf4 36. Kxf4 Rf8+ 37. Ke4 d2 38. Kd3 1-0

[Event "Online Olym Top DivA 2020"]
[Site "chess.com INT"]
[Date "2020.08.22"]
[Round "5.1"]
[Board "6"]
[White "Bach, Ngoc Thuy Duong"]
[Black "Muetsch, Annmarie"]
[Result "0-1"]
[WhiteTitle "WIM"]
[BlackTitle "WIM"]
[WhiteElo "2239"]
[BlackElo "2219"]
[WhiteTeam "Vietnam"]
[BlackTeam "Germany"]
[WhiteFideId "12408956"]
[BlackFideId "12971367"]
[EventDate "2020.08.21"]
[EventType "team"]

1. d4 Nf6 2. c4 g6 3. Nc3 Bg7 4. e4 d6 5. Nf3 O-O 6. Be2 Na6 7. O-O e5 8. Re1 c6
9. Be3 Ng4 10. Bg5 Qc7 11. h3 exd4 12. Nxd4 Nf6 13. Qd2 Nc5 14. Bf3 a5 15. Rad1
Be6 16. b3 Rfe8 17. Bf4 Rad8 18. Nxe6 Nxe6 19. Bxd6 Qb6 20. e5 Nd7 21. Na4 Qa6
22. Qe3 Ndf8 23. c5 Nd7 24. Be2 Qa7 25. f4 Bh6 26. g3 Ndf8 27. Bc4 Ng7 28. Qf3
Nf5 29. Bxf8 Bxf8 30. Qf2 Qb8 31. g4 Ng7 32. Nc3 Ne6 33. Ne4 Qa7 34. Bxe6 fxe6
35. Kg2 Kh8 36. Rxd8 Rxd8 37. Qh4 Qb8 38. Qf6+ Bg7 39. Qxe6 Re8 40. Qc4 Rf8 41.
Nd6 Qc7 42. Rd1 Qe7 43. e6 h6 44. Nf7+ Kh7 45. Rd7 Qf6 46. e7 Re8 47. Rd8 Qxe7
48. Rxe8 Qxe8 49. Kf3 Qe1 50. Nd6 Qd1+ 51. Kg3 Qg1+ 52. Kf3 Qd1+ 53. Kf2 Bd4+
54. Kg2 Qg1+ 55. Kf3 Qe3+ 56. Kg2 Qf2+ 0-1

[Event "Online Olym Top DivA 2020"]
[Site "chess.com INT"]
[Date "2020.08.22"]
[Round "5.2"]
[Board "1"]
[White "Ding, Liren"]
[Black "Jobava, Baadur"]
[Result "1-0"]
[WhiteTitle "GM"]
[BlackTitle "GM"]
[WhiteElo "2791"]
[BlackElo "2603"]
[WhiteTeam "China"]
[BlackTeam "Georgia"]
[WhiteFideId "8603677"]
[BlackFideId "13601520"]
[EventDate "2020.08.21"]
[EventType "team"]

1. d4 d5 2. c4 c6 3. Nf3 Nf6 4. Nc3 dxc4 5. a4 Bf5 6. Ne5 Na6 7. e3 Nb4 8. Bxc4
e6 9. O-O Bd6 10. Qe2 h6 11. e4 Bh7 12. Bf4 O-O 13. Rad1 Qe7 14. Bg3 Rad8 15.
Bh4 g5 16. Bg3 c5 17. Nxf7 Rxf7 18. e5 Bxe5 19. Bxe5 cxd4 20. Bxd4 Nc6 21. Bxf6
Rxf6 22. Rxd8+ Qxd8 23. Bxe6+ Kg7 24. Rd1 Qe8 25. Rd7+ Kf8 26. Rxh7 Qxe6 27.
Rxb7 Qxe2 28. Nxe2 Rd6 29. Nc3 Rd2 30. h3 a5 31. Ne4 Rc2 32. Rc7 Ke8 33. Nd6+
Kd8 34. Nb5 h5 35. g3 h4 36. g4 Rc4 37. Kg2 Ne5 38. Rxc4 Nxc4 39. b3 Ne5 40. Nd6
Ke7 41. Nc4 Nc6 42. Kf3 Nd4+ 43. Ke4 Nxb3 44. Kf5 1-0

[Event "Online Olym Top DivA 2020"]
[Site "chess.com INT"]
[Date "2020.08.22"]
[Round "5.2"]
[Board "2"]
[White "Pantsulaia, Levan"]
[Black "Bu, Xiangzhi"]
[Result "0-1"]
[WhiteTitle "GM"]
[BlackTitle "GM"]
[WhiteElo "2553"]
[BlackElo "2705"]
[WhiteTeam "Georgia"]
[BlackTeam "China"]
[WhiteFideId "13602071"]
[BlackFideId "8601445"]
[EventDate "2020.08.21"]
[EventType "team"]

1. Nf3 d5 2. g3 c6 3. Bg2 Bg4 4. O-O Nd7 5. d4 e6 6. Nbd2 Ngf6 7. Re1 Be7 8. e4
dxe4 9. Nxe4 O-O 10. c3 Nxe4 11. Rxe4 Nf6 12. Re1 Nd5 13. Qb3 Bxf3 14. Bxf3 Qd7
15. c4 Nf6 16. Be3 Rac8 17. Rad1 Rfd8 18. g4 Qc7 19. g5 Nd7 20. d5 Ne5 21. Bg2
exd5 22. cxd5 c5 23. d6 Rxd6 24. Qxb7 Rxd1 25. Rxd1 Qxb7 26. Bxb7 Rb8 27. Be4
Rxb2 28. Rd5 Ng4 29. Bxc5 Bxc5 30. Rxc5 g6 31. Ra5 Nxf2 32. Bg2 Ng4 33. Ba8 Rxh2
34. Rxa7 Rh3 35. Ra5 Rg3+ 36. Kf1 Kg7 37. a4 Ra3 38. Ke2 h6 39. gxh6+ Kxh6 40.
Kd2 Ne3 41. Ra7 f5 42. Bc6 g5 43. Re7 f4 44. Ke2 g4 45. Re5 f3+ 46. Kf2 Nd1+ 47.
Kf1 Ra1 48. Re1 Kg5 49. a5 Kf4 0-1

[Event "Online Olym Top DivA 2020"]
[Site "chess.com INT"]
[Date "2020.08.22"]
[Round "5.2"]
[Board "3"]
[White "Ju, Wenjun"]
[Black "Arabidze, Meri"]
[Result "1/2-1/2"]
[WhiteTitle "GM"]
[BlackTitle "IM"]
[WhiteElo "2560"]
[BlackElo "2428"]
[WhiteTeam "China"]
[BlackTeam "Georgia"]
[WhiteFideId "8603006"]
[BlackFideId "13604040"]
[EventDate "2020.08.21"]
[EventType "team"]

1. Nf3 d5 2. g3 Bg4 3. Bg2 Nd7 4. O-O e5 5. d3 Ngf6 6. h3 Bh5 7. Qe1 Bc5 8. e4
dxe4 9. dxe4 O-O 10. Nbd2 b5 11. Nb3 Bb6 12. a4 a6 13. Qe2 c6 14. Be3 Re8 15.
Rfd1 Qc7 16. Bxb6 Nxb6 17. Nc5 Nfd7 18. Nxd7 Nxd7 19. Qe3 Nf8 20. Rd2 Bxf3 21.
Bxf3 Ne6 22. c3 Qe7 23. axb5 axb5 24. Rad1 Qc5 25. Qe2 Rad8 26. Bg4 Rxd2 27.
Qxd2 h6 28. Bxe6 Rxe6 29. Kg2 Rf6 30. Qe2 Kh7 31. Rd7 b4 32. Qd2 bxc3 33. bxc3
Qc4 34. Qd3 Qa2 35. Qe3 Qc4 36. Qd3 Qa2 37. Qe3 Qc4 38. Qd3 1/2-1/2

[Event "Online Olym Top DivA 2020"]
[Site "chess.com INT"]
[Date "2020.08.22"]
[Round "5.2"]
[Board "4"]
[White "Batsiashvili, Nino"]
[Black "Lei, Tingjie"]
[Result "0-1"]
[WhiteTitle "GM"]
[BlackTitle "GM"]
[WhiteElo "2457"]
[BlackElo "2505"]
[WhiteTeam "Georgia"]
[BlackTeam "China"]
[WhiteFideId "13602993"]
[BlackFideId "8605114"]
[EventDate "2020.08.21"]
[EventType "team"]

1. d4 d5 2. c4 e6 3. Nc3 Nf6 4. Nf3 c5 5. e3 Nc6 6. cxd5 Nxd5 7. Bc4 Nxc3 8.
bxc3 Be7 9. O-O O-O 10. Qe2 b6 11. Rd1 Qc7 12. e4 cxd4 13. cxd4 Bb7 14. Be3 Rac8
15. Rac1 Ba3 16. Rc3 Na5 17. Rxa3 Qxc4 18. Qxc4 Nxc4 19. Rxa7 Bxe4 20. Nd2 Nb2
21. Re1 Bd5 22. Rb1 Rc2 23. h3 h5 24. Nf3 Bxf3 25. gxf3 Nc4 26. Bg5 Rc8 27. a4
Rc6 28. Kg2 Rd6 29. Rd1 Rd5 30. h4 Rxg5+ 31. hxg5 Ne3+ 32. Kg3 Nxd1 33. Rb7 Rc6
34. a5 bxa5 35. Ra7 Rd6 36. Rxa5 Kh7 37. f4 Kg6 38. Ra4 Nc3 39. Rb4 Rxd4 0-1

[Event "Online Olym Top DivA 2020"]
[Site "chess.com INT"]
[Date "2020.08.22"]
[Round "5.2"]
[Board "5"]
[White "Liu, Yan"]
[Black "Kacharava, Nikolozi"]
[Result "1/2-1/2"]
[WhiteTitle "GM"]
[BlackTitle "IM"]
[WhiteElo "2524"]
[BlackElo "2437"]
[WhiteTeam "China"]
[BlackTeam "Georgia"]
[WhiteFideId "8608962"]
[BlackFideId "13611860"]
[EventDate "2020.08.21"]
[EventType "team"]

1. c4 e5 2. Nc3 Nc6 3. g3 g6 4. Bg2 Bg7 5. e3 Nge7 6. Nge2 O-O 7. O-O d6 8. d3
a5 9. b3 Be6 10. Bb2 d5 11. cxd5 Nxd5 12. Ne4 b6 13. Rc1 Nce7 14. d4 exd4 15.
Bxd4 f6 16. Ba1 c5 17. N2c3 Ra7 18. Qe2 Rd7 19. Na4 Bf7 20. Bh3 Nf5 21. Rfd1 Re8
22. Qf3 Qe7 23. Nec3 Nxc3 24. Bxc3 Rxd1+ 25. Rxd1 b5 26. Nb2 b4 27. Be1 Nd6 28.
Qc6 f5 29. Rxd6 Bxb2 30. Qxc5 Qe5 31. Qxe5 Rxe5 32. Bf1 Rc5 33. Rd1 Bc3 34. Bxc3
Rxc3 35. Rd8+ Kg7 36. Ra8 Bd5 37. Ra7+ Kf6 38. f4 Rc5 39. h3 h5 40. Be2 Be4 41.
Bc4 Bd5 42. Be2 Rc2 43. Rxa5 Rxe2 44. Rxd5 Rxa2 45. Rd6+ Kf7 46. Rb6 Re2 47.
Rxb4 Rxe3 48. Kf2 Rc3 49. Rb7+ Kf6 50. Rb6+ Kf7 51. h4 Rc2+ 52. Kf3 Rc3+ 53. Kg2
Rc2+ 54. Kh3 Rb2 55. b4 Kg7 56. b5 Kh7 57. Rb7+ Kg8 58. b6 Kh8 59. Rb8+ Kg7 60.
Rb7+ Kg8 61. Rb8+ 1/2-1/2

[Event "Online Olym Top DivA 2020"]
[Site "chess.com INT"]
[Date "2020.08.22"]
[Round "5.2"]
[Board "6"]
[White "Lomaia, Diana"]
[Black "Ning, Kaiyu"]
[Result "0-1"]
[WhiteTitle "WCM"]
[BlackTitle "WIM"]
[WhiteElo "1999"]
[BlackElo "2327"]
[WhiteTeam "Georgia"]
[BlackTeam "China"]
[WhiteFideId "13612476"]
[BlackFideId "8614750"]
[EventDate "2020.08.21"]
[EventType "team"]

1. d4 d5 2. c4 e6 3. Nf3 Nf6 4. g3 dxc4 5. Bg2 Nc6 6. Qa4 Bb4+ 7. Bd2 Nd5 8.
Bxb4 Nxb4 9. O-O Rb8 10. Nc3 a6 11. Ne5 O-O 12. Nxc6 Nxc6 13. Bxc6 bxc6 14. Qxc4
Qd6 15. e3 e5 16. dxe5 Qxe5 17. Qe2 Re8 18. Rac1 h5 19. e4 Bh3 20. Rfe1 g6 21.
b3 Rbd8 22. Na4 Rd4 23. f3 Red8 24. Red1 Qb5 25. Qc2 Qb4 26. Rxd4 Qxd4+ 27. Kh1
Qe3 28. Qc3 Qf2 29. Rg1 Rd1 0-1

[Event "Online Olym Top DivA 2020"]
[Site "chess.com INT"]
[Date "2020.08.22"]
[Round "5.3"]
[Board "1"]
[White "Chigodo, Mukai Cyril"]
[Black "Nasanjargal, Urtnasan"]
[Result "0-1"]
[BlackTitle "GM"]
[WhiteElo "1953"]
[BlackElo "2460"]
[WhiteTeam "Zimbabwe"]
[BlackTeam "Mongolia"]
[WhiteFideId "11005068"]
[BlackFideId "4900774"]
[EventDate "2020.08.21"]
[EventType "team"]

1. d4 Nf6 2. Nf3 g6 3. g3 d5 4. Bg2 c6 5. O-O Bg7 6. c4 dxc4 7. a4 Ne4 8. Qc2
Nd6 9. e4 Na6 10. e5 Nf5 11. Qxc4 Be6 12. Qc3 Bd5 13. Rd1 h5 14. Bg5 Nc7 15. Na3
Ne6 16. Be3 a5 17. h4 O-O 18. Rac1 Qb6 19. Rd2 Qb4 20. Nc4 Qxc3 21. Rxc3 Ra6 22.
Na3 Rd8 23. Ng5 Bxg2 24. Nxe6 fxe6 25. Kxg2 Bxe5 26. Rcd3 Bf6 27. Kf3 Kf7 28.
Rb3 Rd7 29. Nc4 Ra7 30. d5 b6 31. Bxb6 cxd5 32. Bxa7 Rxa7 33. Rc3 Bxc3 34. bxc3
dxc4 35. Re2 Rd7 36. Re5 Rd5 37. Re4 Rd3+ 38. Ke2 Rxc3 39. Re5 Nd4+ 40. Kf1 Rc1+
41. Kg2 Rg1+ 0-1

[Event "Online Olym Top DivA 2020"]
[Site "chess.com INT"]
[Date "2020.08.22"]
[Round "5.3"]
[Board "2"]
[White "Agibileg, Uurtsaikh"]
[Black "Mapuranga, Vitalis"]
[Result "1-0"]
[WhiteTitle "IM"]
[WhiteElo "2413"]
[BlackElo "2031"]
[WhiteTeam "Mongolia"]
[BlackTeam "Zimbabwe"]
[WhiteFideId "4901606"]
[BlackFideId "11004380"]
[EventDate "2020.08.21"]
[EventType "team"]

1. d4 d5 2. c4 c6 3. Nc3 Nf6 4. Nf3 e6 5. Bg5 dxc4 6. e4 b5 7. e5 h6 8. Bh4 g5
9. Nxg5 hxg5 10. Bxg5 Be7 11. exf6 Bxf6 12. Bxf6 Qxf6 13. g3 Bb7 14. Bg2 Na6 15.
a4 O-O-O 16. axb5 Rxd4 17. Qe2 Nb4 18. O-O Qh6 19. h4 Nd3 20. bxc6 Bxc6 21. Bxc6
Rxh4 22. Qf3 Ne5 23. Qg2 Rh2 24. Bb7+ Kd7 25. Qe4 f5 26. Rfd1+ Ke8 27. Qxe5 Rh1+
28. Kg2 Qh3+ 29. Kf3 Qg4+ 30. Ke3 f4+ 31. Qxf4 1-0

[Event "Online Olym Top DivA 2020"]
[Site "chess.com INT"]
[Date "2020.08.22"]
[Round "5.3"]
[Board "3"]
[White "Shaba, Linda Dalitso"]
[Black "Munguntuul, Batkhuyag"]
[Result "0-1"]
[BlackTitle "IM"]
[WhiteElo "1603"]
[BlackElo "2428"]
[WhiteTeam "Zimbabwe"]
[BlackTeam "Mongolia"]
[WhiteFideId "11001631"]
[BlackFideId "4900758"]
[EventDate "2020.08.21"]
[EventType "team"]

1. d4 d5 2. Nf3 Nf6 3. c4 e6 4. g3 Bb4+ 5. Bd2 Bd6 6. Bg2 O-O 7. O-O b6 8. cxd5
exd5 9. Nc3 Bb7 10. Bg5 h6 11. Bxf6 Qxf6 12. Nb5 Nd7 13. Rc1 a6 14. Nxd6 Qxd6
15. Qd3 Rfe8 16. e3 Rad8 17. Rc2 c5 18. b3 Qe6 19. Rfc1 Ra8 20. Qd2 a5 21. a4
Ba6 22. Bf1 Bxf1 23. Rxf1 Nf6 24. Ne5 Ne4 25. Qe2 Rac8 26. Rfc1 Nd6 27. Nf3 Ne4
28. Ne5 Qf5 29. Qf3 Rxe5 30. Qe2 Ree8 31. Qd3 Qh3 0-1

[Event "Online Olym Top DivA 2020"]
[Site "chess.com INT"]
[Date "2020.08.22"]
[Round "5.3"]
[Board "4"]
[White "Udval, Enkhsaikhan"]
[Black "Zengeni, Tatenda Melisa"]
[Result "1-0"]
[WhiteTitle "WCM"]
[WhiteElo "1710"]
[BlackElo "1584"]
[WhiteTeam "Mongolia"]
[BlackTeam "Zimbabwe"]
[WhiteFideId "4903315"]
[BlackFideId "11001313"]
[EventDate "2020.08.21"]
[EventType "team"]

1. d4 Nf6 2. c4 e6 3. Nf3 d5 4. g3 Be7 5. Bg2 O-O 6. O-O b6 7. Qb3 Bb7 8. cxd5
exd5 9. Nc3 Nbd7 10. Bf4 c5 11. Rfd1 c4 12. Qc2 a6 13. a4 Rc8 14. Ne5 Re8 15.
Qf5 g6 16. Qc2 Bf8 17. Bg5 Bg7 18. Nxd5 Bxd5 19. Bxd5 Re7 20. Nc6 Rxc6 21. Bxc6
Qc7 22. Bg2 Re8 23. e4 Nf8 24. Bf4 Qc8 25. Bd6 Ne6 26. e5 Nd7 27. Qe4 b5 28.
axb5 axb5 29. Ra8 Qxa8 30. Qxa8 Rxa8 31. Bxa8 Nb6 32. Bc6 b4 33. Bxb4 1-0

[Event "Online Olym Top DivA 2020"]
[Site "chess.com INT"]
[Date "2020.08.22"]
[Round "5.3"]
[Board "5"]
[White "Hamandishe, Farai"]
[Black "Amartuvshin, Ganzorig"]
[Result "0-1"]
[BlackTitle "FM"]
[WhiteElo "1743"]
[BlackElo "2350"]
[WhiteTeam "Zimbabwe"]
[BlackTeam "Mongolia"]
[WhiteFideId "11003871"]
[BlackFideId "4902548"]
[EventDate "2020.08.21"]
[EventType "team"]

1. e4 c5 2. Nf3 e6 3. d4 cxd4 4. Nxd4 Nc6 5. Nc3 Qc7 6. f4 a6 7. Nxc6 bxc6 8. a3
d5 9. exd5 cxd5 10. Be3 Nf6 11. Be2 Bc5 12. Qd2 O-O 13. Bd4 Rb8 14. b4 Bxd4 15.
Qxd4 Bb7 16. Bd3 Ne4 17. Ne2 f6 18. O-O e5 19. Qe3 d4 20. Qh3 g6 21. Qe6+ Kg7
22. fxe5 fxe5 23. Rxf8 Rxf8 24. Bxe4 Bxe4 25. Nxd4 Bxg2 26. Qg4 Bd5 27. Ne6+
Bxe6 28. Qxe6 Qc3 29. Rb1 Qe3+ 30. Kh1 Qe4+ 31. Kg1 Rf5 32. Qd7+ Kh6 33. Qd2+
Rg5+ 34. Kf1 Qh1+ 35. Ke2 Qxh2+ 36. Kd3 Qh3+ 37. Kc4 Kh5 38. Qd5 Rg4+ 39. Kc5
Qe3+ 40. Kc6 Rd4 41. Rb3 Qe2 42. Qf3+ Qxf3+ 43. Rxf3 Rc4+ 44. Kb6 e4 45. Rh3+
Kg4 46. Rxh7 e3 47. Re7 Kf3 48. Kxa6 e2 49. b5 Re4 50. Rf7+ Kg4 51. Rf6 e1=Q 52.
Rxg6+ Kf5 53. Rc6 Ra4+ 54. Kb7 Qe7+ 55. Rc7 Ra7+ 56. Kxa7 Qxc7+ 57. Ka6 Ke5 58.
b6 Qb8 59. a4 Kd6 60. Kb5 Qe8+ 61. Ka5 Kc5 62. b7 Qd8+ 0-1

[Event "Online Olym Top DivA 2020"]
[Site "chess.com INT"]
[Date "2020.08.22"]
[Round "5.3"]
[Board "6"]
[White "Bayasgalan, Khishigbaatar"]
[Black "Mudodo, Refiloe Hazel"]
[Result "1-0"]
[WhiteTitle "WCM"]
[BlackTitle "WCM"]
[WhiteElo "1640"]
[BlackElo "1543"]
[WhiteTeam "Mongolia"]
[BlackTeam "Zimbabwe"]
[WhiteFideId "4904311"]
[BlackFideId "11000821"]
[EventDate "2020.08.21"]
[EventType "team"]

1. e4 e6 2. d4 d5 3. e5 c5 4. c3 Nc6 5. Nf3 Qb6 6. a3 cxd4 7. cxd4 Nge7 8. b4
Nf5 9. Bb2 a5 10. b5 Nce7 11. Nc3 g6 12. Na4 Qd8 13. Bd3 Bg7 14. O-O O-O 15. Rc1
Bd7 16. Qb3 b6 17. Nc3 Qb8 18. a4 Qb7 19. Ba3 Rac8 20. g4 Bh6 21. gxf5 Bxc1 22.
Rxc1 Rfe8 23. Bxe7 Rxe7 24. f6 Ree8 25. Qd1 h6 26. Qd2 Kh7 27. Qe3 Rh8 28. Ne2
Rxc1+ 29. Qxc1 Qc8 30. Qf4 Kg8 31. h4 h5 32. Qg5 Kf8 33. Kh2 Qc7 34. Nf4 Be8 35.
Bxg6 fxg6 36. Nxe6+ Kf7 37. Nxc7 Rf8 38. e6+ Kg8 39. f7+ Bxf7 40. exf7+ Rxf7 41.
Qxg6+ Rg7 42. Qe8+ Kh7 43. Ng5+ Kh6 44. Qh8+ Rh7 45. Qf6# 1-0